000
00285nam a22001097a 4500
008
160613b xxu||||| |||| 00| 0 eng d
020
_a
0024052809
041
_a
eng
080
_a
618.2
245
_a
Programmed mathematics for nurses:
_c
George I. Sackheim; Lewis Robins;
942
_2
udc
_c
BK
999
_c
2478
_d
2478